Myšlenky o svatém Pavlovi : úvahy papeže Benedikta XVI. u příležitosti Roku svatého Pavla /

Main Author: Benedikt XVI., papež, 1927-2022
Other Authors: Coco, Lucio, 1961-, Bertone, Tarcisio, 1934-, Brož, Prokop, 1972-
Language: Czech
Published: Praha : Paulínky, 2009
Edition: 1. vyd.
Series: Modlitby a myšlenky
Subjects:
Physical Description: 135 s. ; 15 cm
Book
Saved in:
LEADER 03478nam a2200901 a 4500
001 nkc20091851468
003 CZ PrNK
005 20100120112324.0
007 ta
008 090115s2009 xr e 001 1dcze
015 |a cnb001851468 
020 |a 978-80-86949-61-1  |q (brož.) :  |c Kč 135,00 
035 |a (OCoLC)403639846 
040 |a ABA001  |b cze  |d OLA001 
041 1 |a cze  |h ita 
045 |a e-e- 
072 7 |a 27  |x Křesťanství. Křesťanská církev všeobecně. Eklesiologie  |2 Konspekt  |9 5 
080 |a 27-312.55  |2 MRF 
080 |a 27-36  |2 MRF 
080 |a 27-9"00"  |2 MRF 
080 |a 27-184  |2 MRF 
080 |a 2-312.6-584.5  |2 MRF 
080 |a 27-584  |2 MRF 
080 |a 27-184.3  |2 MRF 
080 |a 27-4  |2 MRF 
080 |a 272-1/-9  |2 MRF 
080 |a 27-277.2  |2 MRF 
080 |a (0:82-5)  |2 MRF 
080 |a (082.21)  |2 MRF 
100 0 |a Benedikt  |b XVI.,  |c papež,  |d 1927-2022  |7 jn20000604572  |4 aut 
245 1 0 |a Myšlenky o svatém Pavlovi :  |b úvahy papeže Benedikta XVI. u příležitosti Roku svatého Pavla /  |c Benedikt XVI. ; [výběr z textů ... vytvořil Lucio Coco ; předmluvu napsal Tarcisio Bertone ; z italského originálu ... přeložil Prokop Brož] 
250 |a 1. vyd. 
260 |a Praha :  |b Paulínky,  |c 2009 
300 |a 135 s. ;  |c 15 cm 
490 1 |a Modlitby a myšlenky 
504 |a Obsahuje bibliografické odkazy a rejstřík 
600 0 7 |a Benedikt  |b XVI.,  |c papež,  |d 1927-2022  |7 jn20000604572  |2 czenas 
600 0 7 |a Pavel,  |c svatý,  |d asi 10-asi 67  |7 jn99240000845  |2 czenas 
600 0 9 |a Benedict  |b XVI.,  |c Pope,  |d 1927-  |2 eczenas 
600 0 9 |a Paul,  |c the Apostle, Saint  |2 eczenas 
648 7 |a 1. století  |7 ch460539  |2 czenas 
648 7 |a 21. století  |7 ch460559  |2 czenas 
650 0 7 |a apoštolové  |7 ph118552  |2 czenas 
650 0 7 |a křesťanští světci  |7 ph115082  |y 1. století  |2 czenas 
650 0 7 |a prvotní církev  |7 ph139152  |y 1. století  |2 czenas 
650 0 7 |a Bůh a člověk  |7 ph116953  |2 czenas 
650 0 7 |a vnitřní konverze (náboženství)  |7 ph127150  |2 czenas 
650 0 7 |a duchovní život  |7 ph114375  |2 czenas 
650 0 7 |a křesťanská víra  |7 ph122113  |2 czenas 
650 0 7 |a křesťanský život  |7 ph122132  |2 czenas 
650 0 7 |a učení katolické církve  |7 ph135482  |2 czenas 
650 0 7 |a papežové  |7 ph123939  |y 21. století  |2 czenas 
650 0 7 |a biblické citáty  |7 ph118853  |2 czenas 
650 0 9 |a apostles  |2 eczenas 
650 0 9 |a Christian saints  |y 1st century  |2 eczenas 
650 0 9 |a primitive church  |y 1st century  |2 eczenas 
650 0 9 |a relations between God and man  |2 eczenas 
650 0 9 |a interior conversion  |2 eczenas 
650 0 9 |a spiritual life  |2 eczenas 
650 0 9 |a Christian faith  |2 eczenas 
650 0 9 |a Christian life  |2 eczenas 
650 0 9 |a Catholic doctrine  |2 eczenas 
650 0 9 |a popes  |y 21st century  |2 eczenas 
650 0 9 |a Biblical quotations  |2 eczenas 
655 7 |a kázání  |7 fd131846  |2 czenas 
655 7 |a výbory  |7 fd133853  |2 czenas 
655 9 |a sermons  |2 eczenas 
655 9 |a selected works  |2 eczenas 
765 0 |t Pensieri su Paolo  |9 Česky 
700 1 |a Coco, Lucio,  |d 1961-  |7 ola2008455532  |4 edt 
700 1 |a Bertone, Tarcisio,  |d 1934-  |7 jx20090525013  |4 wfw 
700 1 |a Brož, Prokop,  |d 1972-  |7 xx0024802  |4 trl 
830 0 |a Modlitby a myšlenky  |0 s 
910 2 |a BOA001  |b 1-1224.504 
990 |a BK 
995 |a 01 
991 |b 200906  |c NOV 
996 6 |b 2610379908  |c 1-1224.504  |l MZK  |r Sklad / do 1 hodiny  |n 3  |p p.v. ; digi nelze.  |w 000943637  |u 000010  |a 1  |e BOA001  |j MZK50  |s P